书目信息 |
| 题名: |
新版课程标准解析与教学指导
|
|
| 作者: | 朱汉国 , 何成刚 , 卢广伟 主编 | |
| 分册: | 初中历史 | |
| 出版信息: | 北京 北京师范大学出版社 2022 |
|
| 页数: | 372页 | |
| 开本: | 26cm | |
| 丛书名: | 义务教育课程标准(2022年版)解析与教学指导丛书 | |
| 单 册: | ||
| 中图分类: | G633 , G633.513 | |
| 科图分类: | ||
| 主题词: | 中学历史课--初中--教学参考资料 | |
| 电子资源: | ||
| ISBN: | 978-7-303-28152-7 | |
| 000 | 01141nam 2200289 450 | |
| 001 | 012024000379 | |
| 005 | 20240924225236.0 | |
| 010 | @a978-7-303-28152-7@dCNY72.00 | |
| 100 | @a20240924d2022 em y0chiy50 ea | |
| 101 | 0 | @achi |
| 102 | @aCN@b110000 | |
| 105 | @ay z 000yy | |
| 106 | @ar | |
| 200 | 1 | @a新版课程标准解析与教学指导@Axin ban ke cheng biao zhun jie xi yu jiao xue zhi dao@e2022年版@i初中历史@f朱汉国,何成刚,卢广伟主编 |
| 210 | @a北京@c北京师范大学出版社@d2022 | |
| 215 | @a372页@d26cm | |
| 225 | 2 | @a义务教育课程标准(2022年版)解析与教学指导丛书 |
| 330 | @a本书共3部分,内容包括:《义务教育历史课程标准(2022年版)》解读、《义务教育历史课程标准(2022年版)》内容专题解析与教学指导、基于核心素养的教学设计与评价案例。 | |
| 410 | 0 | @12001 @a义务教育课程标准(2022年版)解析与教学指导丛书 |
| 606 | 0 | @a中学历史课@x初中@j教学参考资料 |
| 690 | @aG633@v5 | |
| 690 | @aG633.513@v5 | |
| 701 | 0 | @a朱汉国@Azhu han guo@4主编 |
| 701 | 0 | @a何成刚@Ahe cheng gang@4主编 |
| 701 | 0 | @a卢广伟@Alu guang wei@4主编 |
| 801 | 0 | @aCN@bAHXH@c20240924 |
| 905 | @b214144380@b214144399@b214144406@b214144415@b214144424@dG633@e589@f5 | |
| 新版课程标准解析与教学指导:2022年版.初中历史/朱汉国,何成刚,卢广伟主编.-北京:北京师范大学出版社,2022 |
| 372页;26cm.-(义务教育课程标准(2022年版)解析与教学指导丛书) |
| ISBN 978-7-303-28152-7:CNY72.00 |
| 本书共3部分,内容包括:《义务教育历史课程标准(2022年版)》解读、《义务教育历史课程标准(2022年版)》内容专题解析与教学指导、基于核心素养的教学设计与评价案例。 |
| ● |
| 相关链接 |
|
|
|
|
正题名:新版课程标准解析与教学指导
索取号:G633/589
 
预约/预借
| 序号 | 登录号 | 条形码 | 馆藏地/架位号 | 状态 | 备注 |
| 1 | 1414438 | 214144380 | 第一样本阅览室/ [索取号:G633/589] | 在馆 | |
| 2 | 1414439 | 214144399 | 第四借阅区/ [索取号:G633/589] | 在馆 | |
| 3 | 1414440 | 214144406 | 第四借阅区/ [索取号:G633/589] | 在馆 | |
| 4 | 1414441 | 214144415 | 第四借阅区/ [索取号:G633/589] | 在馆 | |
| 5 | 1414442 | 214144424 | 第四借阅区/ [索取号:G633/589] | 在馆 |